Manava dharmasastra [Institutes of Manu] (v.1)/ (Record no. 27460)

000 -LEADER
fixed length control field 00433nam a22001571a 4500
020 ## - INTERNATIONAL STANDARD BOOK NUMBER
International Standard Book Number 8121505672
082 ## - DEWEY DECIMAL CLASSIFICATION NUMBER
Classification number S 294.592 6
Item number MED/M
100 ## - MAIN ENTRY--PERSONAL NAME
Personal name Medhatithi (comm.)
9 (RLIN) 75490
245 ## - TITLE STATEMENT
Title Manava dharmasastra [Institutes of Manu] (v.1)/
260 ## - PUBLICATION, DISTRIBUTION, ETC.
Place of publication, distribution, etc. New Delhi:
Name of publisher, distributor, etc. Munshiram Manoharlal,
Date of publication, distribution, etc. 1992.
300 ## - PHYSICAL DESCRIPTION
Extent 754p.
650 ## - SUBJECT ADDED ENTRY--TOPICAL TERM
Topical term or geographic name entry element Dharmashastra
9 (RLIN) 75491
650 ## - SUBJECT ADDED ENTRY--TOPICAL TERM
Topical term or geographic name entry element Religion
9 (RLIN) 75492
700 ## - ADDED ENTRY--PERSONAL NAME
Personal name Medhatithi (comm.)
9 (RLIN) 75493
942 ## - ADDED ENTRY ELEMENTS (KOHA)
Koha item type Book
Holdings
Withdrawn status Lost status Damaged status Not for loan Permanent Location Current Location Date acquired Cost, normal purchase price Total Checkouts Full call number Barcode Date last seen Cost, replacement price Price effective from Koha item type
Write off   Damaged Not For Loan Sree Sankaracharya University of Sanskrit Sree Sankaracharya University of Sanskrit 08.01.2015 666.50   S 294.592 6 MED/M 003287 08.01.2015 0.00 08.01.2015 Book